Children matter : celebrating their place in the church, family, and community /

Saved in:
Bibliographic Details
Other Authors: May, Scottie
Format: Book
Language:English
Published: Grand Rapids, Mich. : William B. Eerdmans Pub., c2005.
Subjects:
Tags: Add Tag
No Tags, Be the first to tag this record!

MARC

LEADER 00000cam a2200000 a 4500
001 13971429
003 KE-NaDUL
005 20190815153007.0
008 050517s2005 miua b 001 0 eng
952 |0 0  |1 0  |2 lcc  |4 0  |6 BV14713 C52 02005  |7 0  |9 45337  |a DUA  |b DUA  |c GC  |d 2017-09-28  |l 0  |o BV1471.3.C52 2005  |p BK071263  |r 2020-01-10 00:00:00  |w 2017-09-28  |x 74957  |y G 
952 |0 0  |1 0  |2 lcc  |4 0  |6 TBL BV01471.00003.M00039 02005  |7 0  |8 TBL  |9 127573  |a DUN  |b DUN  |c TBL  |d 2019-08-15  |e Corporate Campus  |g 1451.00  |l 0  |o TBL BV1471.3.M39 2005  |p TB35072  |r 2019-08-15 00:00:00  |w 2019-08-15  |x 35072  |y TBL 
952 |0 0  |1 0  |2 lcc  |4 0  |6 TBL BV01471.00003.M00039 02005  |7 0  |8 TBL  |9 127574  |a DUN  |b DUN  |c TBL  |d 2019-08-15  |e Corporate Campus  |g 1451.00  |l 0  |o TBL BV1471.3.M39 2005  |p TB35073  |r 2019-08-15 00:00:00  |w 2019-08-15  |x 35073  |y TBL 
952 |0 0  |1 0  |2 lcc  |4 0  |6 TBL BV01471.00003.M00039 02005  |7 0  |8 TBL  |9 127575  |a DUN  |b DUN  |c TBL  |d 2019-08-15  |e Corporate Campus  |g 1451.00  |l 0  |o TBL BV1471.3.M39 2005  |p TB35079  |r 2019-08-15 00:00:00  |w 2019-08-15  |x 35079  |y TBL 
952 |0 0  |1 0  |2 lcc  |4 0  |6 TBL BV01471.00003.M00039 02005  |7 0  |8 TBL  |9 127576  |a DUN  |b DUN  |c TBL  |d 2019-08-15  |e Corporate Campus  |g 1451.00  |l 0  |o TBL BV1471.3.M39 2005  |p TB35080  |r 2019-08-15 00:00:00  |w 2019-08-15  |x 35080  |y TBL 
952 |0 0  |1 0  |2 lcc  |4 0  |6 TBL BV01471.00003.M00039 02005  |7 0  |8 TBL  |9 127577  |a DUN  |b DUN  |c TBL  |d 2019-08-15  |e Corporate Campus  |g 1451.00  |l 0  |o TBL BV1471.3.M39 2005  |p TB35074  |r 2019-08-15 00:00:00  |w 2019-08-15  |x 35074  |y TBL 
952 |0 0  |1 0  |2 lcc  |4 0  |6 TBL BV01471.00003.M00039 02005  |7 0  |8 TBL  |9 127578  |a DUN  |b DUN  |c TBL  |d 2019-08-15  |e Corporate Campus  |g 1451.00  |l 0  |o TBL BV1471.3.M39 2005  |p TB35077  |r 2019-08-15 00:00:00  |w 2019-08-15  |x 35077  |y TBL 
952 |0 0  |1 0  |2 lcc  |4 0  |6 TBL BV01471.00003.M00039 02005  |7 0  |8 TBL  |9 127579  |a DUN  |b DUN  |c TBL  |d 2019-08-15  |e Corporate Campus  |g 1451.00  |l 0  |o TBL BV1471.3.M39 2005  |p TB35076  |r 2019-08-15 00:00:00  |w 2019-08-15  |x 35076  |y TBL 
952 |0 0  |1 0  |2 lcc  |4 0  |6 TBL BV01471.00003.M00039 02005  |7 0  |8 TBL  |9 127580  |a DUN  |b DUN  |c TBL  |d 2019-08-15  |e Corporate Campus  |g 1451.00  |l 0  |o TBL BV1471.3.M39 2005  |p TB35078  |r 2019-08-15 00:00:00  |w 2019-08-15  |x 35078  |y TBL 
952 |0 0  |1 0  |2 lcc  |4 0  |6 TBL BV01471.00003.M00039 02005  |7 0  |8 TBL  |9 127581  |a DUN  |b DUN  |c TBL  |d 2019-08-15  |e Corporate Campus  |g 1451.00  |l 0  |o TBL BV1471.3.M39 2005  |p TB35075  |r 2019-08-15 00:00:00  |w 2019-08-15  |x 35075  |y TBL 
952 |0 0  |1 0  |2 lcc  |4 0  |6 TBL BV01471.00003.M00039 02005  |7 0  |8 TBL  |9 127582  |a DUN  |b DUN  |c TBL  |d 2019-08-15  |e Corporate Campus  |g 1451.00  |l 0  |o TBL BV1471.3.M39 2005  |p TB35081  |r 2019-08-15 00:00:00  |w 2019-08-15  |x 35081  |y TBL 
999 |c 28451  |d 28451 
010 |a  2005050062 
020 |a 0802822282  
040 |a DLC  |c DLC  |d DLC 
042 |a pcc 
245 0 0 |a Children matter :  |b celebrating their place in the church, family, and community /  |c Scottie May ... [et al]. 
260 |a Grand Rapids, Mich. :  |b William B. Eerdmans Pub.,  |c c2005. 
300 |a xiii, 374 p. :  |b ill. ;  |c 23 cm. 
504 |a Includes bibliographical references (p. 354-360) and index. 
650 0 |a Christian education of children.  |9 7576 
650 0 |a Church work with children.  |9 7577 
700 1 |a May, Scottie.  |9 7578 
906 |a 7  |b cbc  |c orignew  |d 1  |e ocip  |f 20  |g y-gencatlg 
942 |2 lcc  |c G  |h BV1471.3  |i .C49   |m 2005  |6 BV14713 C49